Lục Vân Tiên

Đã lưu trong:
書目詳細資料
主要作者: NGUYỄN ĐÌNH CHIỂU
格式: 圖書
語言:Undetermined
出版: Đà Nẵng Đà Nẵng 2002
主題:
標簽: 添加標簽
沒有標簽, 成為第一個標記此記錄!
Thư viện lưu trữ: Trung tâm Học liệu Trường Đại học Cần Thơ
LEADER 00489nam a2200169Ia 4500
001 CTU_50174
008 210402s9999 xx 000 0 und d
082 |a 895.92212 
082 |b Ch309 
100 |a NGUYỄN ĐÌNH CHIỂU 
245 0 |a Lục Vân Tiên 
245 0 |c NGUYỄN ĐÌNH CHIỂU 
260 |a Đà Nẵng 
260 |b Đà Nẵng 
260 |c 2002 
650 |a vietnamese poetry - 19th century 
980 |a Trung tâm Học liệu Trường Đại học Cần Thơ